000 00611nam a22002057a 4500
003 BD-DhJNU
005 20250908091411.0
008 250908b |||||||| |||| 00| 0 eng d
020 _a0316987727
040 _aBD-DhJNU
_bENG
_cBD-DhJNU
_dBD-DhJNU
082 _223
_a327.11
100 _aZiegler, David W.
245 _aWar, peace and international politics /
_cDavid W. Ziegler
250 _a3rd ed.
260 _aBoston :
_bLittle, Blown and Company,
_c1984.
300 _axix, 458 p. :
_bill. ;
_c22 cm.
504 _aincludes index
650 _aWorld politics International relations
942 _2ddc
_cBK
_n0
999 _c2095
_d2095